Genshin: Nod-Krai Wissen (schwer) - Statistiken

Allgemein
  • Dieses Quiz wurde 7 mal gespielt
  • Das Durchschnittsergebnis liegt bei 8 aus 19
Antwortstatistiken
Frage Antwort % Korrekt
Wer ist die Chefin des “Kuratoriums der Geheimnisse”? Nefer
100%
Wo befindet sich das Göttliche Auge (Vision) von Alice? an ihrem Hut
83%
Wie lautet der Name der Person, die unter den Elf der Fatui (Fatui Harbingers) unter dem Codenamen “die Marionette” bekannt ist? Sandrone
83%
Was hat die Person, die unter den Elf der Fatui (Fatui Harbingers) unter dem Codenamen “die Marionette” bekannt ist, am Rücken? einen Aufziehschlüssel (wie bei Spieluhren)
67%
Welche Farbe hat der Bernsteinsee in Nod-Krai? blau
50%
Welches Symbol ist in den Augen von Jahoda zu sehen? ein Stern
50%
Von welcher Insel in Nod-Krai stammt Lauma? Insel Hiisi
50%
Auf welcher Insel in Nod-Krai versammeln sich die Fatui? Insel Paha
50%
Zu welcher Fraktion in Nod-Krai gehört Lauma? Nachkommen des Frostmonds (Frostmoon Scions)
50%
In der Nähe welcher Stadt lebt Aino? Nasha Town
50%
Wer hat Durin erschaffen? Rhinedottir
50%
Naberius von den vier Schatten (Four Shades) ist Herrscherin über…? das Leben
33%
Wer ist Herrscherin über den Tod von den vier Schatten (Four Shades)? Ronova
33%
Wie heißt Aino’s Werkstatt? Krumkake-Werkstatt Kling-Klang
17%
Wie ist der vollständige Name von Nicole vom Hexenzirkel? Nicole Reeyn
17%
Welche Form haben Nefers Ohrringe? Pyramide
17%
Wie wird Ineffa’s Begleiter, der früher als „Piep-Bumm-Kling-Klang-Klack-Whusch-Bamm-Zap-Allgemeiner-Mehrzweck-Roboter“ bekannt war, heute genannt? Birgitta
0%
Wie ist Flins vollständiger Name? Kyryll Chudomirovich Flins
0%
Von welchem wundersamen Händler haben die Reisenden/Traveler bereits im letzten Jahr von Nod-Krai erfahren? Liben
0%
Keine übereinstimmenden Quizze gefunden
Verteilung der Resultate
Anzahl Personen mit jedem Resultat
Perzentil nach korrekt beantworteten Fragen
Ihre Resultats-Entwicklung
Sie haben dieses Quiz noch nicht gespielt